zpět

Detail výsledku týmu

Písecká pivnice ÚT, Písek

Datum a čas kvízu

27 Celkem bodů Celkový počet nahraných bodů na tomto kvízu bez doplňovacích otázek.
9. Pořadí na kvízu Konečné umístění týmu na tomto kvízu.

Zaznamenané odpovědi

# Otázka Odpověď Body Výsledky
1. Čtveřice samců kriticky ohrože... C) sudokopytníci 1
2. Slovenský premiér Robert Fico... B) závozník v pekárně 0
3. Která fiktivní česká loutková... Hurvínek 1
4. V arménském hlavním městě Jere... o osla 1
5. Minulý týden skončilo mistrovs... třetí 1
6. Ve filmu Sedm sledujeme detekt... obžerství 1
7. Tato fotka je známým interneto... Americké psycho 0
8. Postava Karla Kopfrkingla je p... chrám smrti 1
9. Přiřaďte zločince k jejich fil... 1D 2C 3B 4A 1
10. Mladý syn se poprvé přímo zapo... Kmotr, Mario Puzo 0.5